| 000 | 00658nam a22001817a 4500 | ||
|---|---|---|---|
| 999 |
_c157605 _d157605 |
||
| 005 | 20180920151227.0 | ||
| 010 | _aENG-124014 | ||
| 020 |
_a9788192606231 _c250.00 |
||
| 035 | _aEN-107546 | ||
| 037 | _bDBAD/PUB | ||
| 082 | _a327.540548 | ||
| 100 | _aFernandes, Walter | ||
| 245 |
_aRelations across borders: _cby Walter Fernandes [and] et.....all _bcommunities separated by the indo-myanmar border / |
||
| 260 |
_aGuwahati _c2015 _bNorth Eastern Social Research Centre |
||
| 270 |
_bGuwahati _aJagriti 2nd Floor, Arunadai Path, GMC Road, Christian Basti _e781005 |
||
| 300 |
_a247p. _c21(pbk.) _bill. |
||
| 942 |
_2ddc _cEN _h327.540548 _mFER |
||